[Event "8th Prague Challengers"]
[Site "Prague CZE"]
[Date "2026.03.03"]
[Round "6"]
[White "Divya,Deshmukh"]
[Black "Beerdsen,Thomas"]
[Result "1/2-1/2"]
[WhiteElo "2497"]
[BlackElo "2525"]
[EventDate "2026.02.24"]

1. d4 d5 2. Nf3 Nf6 3. g3 g6 4. Bg2 Bg7 5. O-O a5 6. c4 dxc4 7. Na3 Nc6 8.
Nxc4 a4 9. Bg5 O-O 10. Nce5 Nxe5 11. Nxe5 c6 12. Qd3 Be6 13. Rfd1 a3 14.
bxa3 Ra4 15. Rab1 Qa8 16. Qd2 Rd8 17. Qb2 h6 18. Be3 Nd5 19. Nd3 Rxa3 20.
Bxd5 Bxd5 21. Qxb7 Qxb7 22. Rxb7 c5 23. Rxe7 cxd4 24. Nb4 Bc4 25. Bc1 Ra4
26. a3 Bf8 27. Re4 Bxb4 28. axb4 Ra1 29. Re1 f5 30. Re5 Rc8 31. Bd2 Rxe1+
32. Bxe1 Ra8 33. f3 Ra2 34. Kf1 1/2-1/2

[Event "8th Prague Challengers"]
[Site "Prague CZE"]
[Date "2026.03.03"]
[Round "6"]
[White "Hrbek,Stepan"]
[Black "Bjerre,Jonas Buhl"]
[Result "1/2-1/2"]
[WhiteElo "2463"]
[BlackElo "2629"]
[EventDate "2026.02.24"]

1. c4 Nf6 2. Nf3 e6 3. g3 d5 4. Bg2 Be7 5. O-O O-O 6. d4 Nc6 7. Qc2 Nb4 8.
Qb3 dxc4 9. Qxc4 b5 10. Qb3 a5 11. a3 a4 12. Qd1 Nbd5 13. Ne5 Bb7 14. Nd3
h6 15. Nd2 Qc8 16. b4 axb3 17. Qxb3 Ra5 18. Bb2 Qa8 19. Rfc1 Nd7 20. e4
N5f6 21. Rxc7 Bd8 22. Rxb7 Qxb7 23. d5 exd5 24. e5 Ne4 25. Nxe4 dxe4 26. e6
Nf6 27. Ne5 fxe6 28. Qxe6+ Kh7 29. Qf5+ Kg8 30. Qe6+ Kh7 31. Qf5+ Kg8 32.
Qe6+ 1/2-1/2

[Event "8th Prague Challengers"]
[Site "Prague CZE"]
[Date "2026.03.03"]
[Round "6"]
[White "Gledura,B"]
[Black "Nemec,Jachym"]
[Result "1-0"]
[WhiteElo "2652"]
[BlackElo "2466"]
[EventDate "2026.02.24"]

1. c4 Nf6 2. Nf3 e6 3. g3 d5 4. Bg2 Be7 5. b3 O-O 6. Bb2 b6 7. O-O Bb7 8.
e3 c5 9. Nc3 dxc4 10. bxc4 Nc6 11. Qe2 Qc7 12. Ne1 Ne8 13. Nd3 Na5 14. Bxb7
Qxb7 15. Nf4 Rd8 16. Rfd1 Nc6 17. Ne4 f5 18. Nc3 Rf6 19. h4 Rh6 20. Qf3 Qc8
21. Nce2 e5 22. Nd5 Bf8 23. d3 Nd6 24. Nec3 Nf7 25. Qg2 g5 26. hxg5 Nxg5
27. f4 Nf7 28. Kf2 Re8 29. Rh1 Rg6 30. Rh5 Nh6 31. Kg1 Bg7 32. Rf1 Ng4 33.
Nd1 Qd7 34. fxe5 Ncxe5 35. Rhxf5 Nxd3 36. Rf7 Qd6 37. Ne7+ 1-0

[Event "8th Prague Challengers"]
[Site "Prague CZE"]
[Date "2026.03.03"]
[Round "6"]
[White "Yuffa,D"]
[Black "Ganguly,S"]
[Result "1/2-1/2"]
[WhiteElo "2604"]
[BlackElo "2568"]
[EventDate "2026.02.24"]

1. e4 c5 2. Nf3 d6 3. Bc4 Nf6 4. d3 Nc6 5. O-O e6 6. Re1 Be7 7. c3 O-O 8.
Bb3 b5 9. d4 Bb7 10. Nbd2 cxd4 11. cxd4 a5 12. a3 Qc7 13. Nf1 a4 14. Bc2
Rfc8 15. Bd3 Na5 16. Rb1 Nb3 17. Bf4 b4 18. N1d2 Nxd2 19. Qxd2 b3 20. Rbd1
Qa5 21. Qxa5 Rxa5 22. Bd2 Raa8 23. Bb4 Ba6 24. Bxa6 Rxa6 25. d5 h6 26. dxe6
fxe6 27. Nd4 Kf7 28. f3 d5 29. Bxe7 Kxe7 30. exd5 Nxd5 31. g3 Rc4 32. Re4
Kf7 33. Nxb3 Rc2 34. Nc1 Rxb2 35. Nd3 Ra2 36. Ne5+ Kg8 37. Nc4 Rc6 38. Rd2
Rxc4 39. Rxa2 Rc1+ 40. Kf2 Nc3 41. Rae2 Ra1 42. Rxe6 1/2-1/2

[Event "8th Prague Challengers"]
[Site "Prague CZE"]
[Date "2026.03.04"]
[Round "7"]
[White "Finek,Vaclav"]
[Black "Gledura,B"]
[Result "1/2-1/2"]
[WhiteElo "2538"]
[BlackElo "2652"]
[EventDate "2026.02.24"]

1. d4 Nf6 2. c4 e6 3. Nf3 b6 4. a3 Bb7 5. Bf4 d6 6. Nc3 g6 7. h3 Bg7 8. e3
Nbd7 9. Be2 O-O 10. O-O Ne4 11. Nxe4 Bxe4 12. Nd2 Bb7 13. Bf3 Bxf3 14. Nxf3
e5 15. Bh2 Qe7 16. Qa4 Rfe8 17. Rad1 exd4 18. exd4 Nf6 19. Rfe1 Qd7 20.
Qxd7 Nxd7 21. Kf1 f5 22. b4 h6 23. Rxe8+ Rxe8 24. c5 Nf6 25. cxd6 cxd6 26.
Bxd6 Rc8 27. Be5 Nd5 28. Bxg7 Kxg7 29. Ne1 Kf6 30. g3 Ke6 31. Rd3 Nc3 32.
Ng2 Kd5 33. Nh4 Kc4 34. Re3 Rc6 35. Nf3 Rd6 36. Re7 Nb5 37. a4 Nc3 38. Rxa7
Kxb4 39. Ne5 Nxa4 40. Rg7 b5 41. Nxg6 Ka3 42. Nh4 f4 43. gxf4 b4 44. Nf3 b3
45. Nd2 Rxd4 46. Nxb3 Kxb3 47. Rg6 Rxf4 48. Rxh6 Nc5 49. Ke2 Kc4 50. Ke3
Re4+ 51. Kf3 Re8 52. Rh7 Kd5 53. Rh5+ Kd6 54. Rh6+ Ne6 55. Kg3 Rg8+ 56. Kf3
Ke5 57. Rh5+ Kf6 58. h4 Ra8 59. Rd5 Ra4 60. Kg3 Nd4 61. Rd6+ Ke5 62. Rd8
Nf5+ 63. Kg2 Nxh4+ 64. Kg3 Nf5+ 65. Kg2 Kf4 66. Rf8 Ra7 67. Kf1 Kg4 68. Ke2
Ra5 69. Rg8+ Kf4 70. Rf8 Ra7 71. Kf1 Kg4 72. Kg2 Nh4+ 73. Kh2 Rh7 74. Rg8+
Kf3 75. Rf8+ Kg4 76. Rg8+ Ng6+ 77. Kg2 Kf5 78. Kg3 Ra7 79. Rb8 Ra3+ 80. f3
Ra7 81. Rc8 Rg7 82. Kf2 Nf4 83. Rc5+ Kf6 84. Ke3 Ne6 85. Ra5 Rb7 86. Kf2
Nd4 87. Ra4 Ke5 88. Kg3 Rb3 89. Ra5+ Kf6 90. Kf4 Nxf3 91. Ra6+ Ke7 92. Ke4
Ng5+ 93. Kd5 Rb5+ 94. Kc4 Rf5 95. Ra7+ Kf6 96. Ra6+ Ne6 97. Rb6 Rf4+ 98.
Kd3 Rh4 99. Ke3 Ke5 100. Rb5+ Kd6 101. Rf5 Ra4 102. Rh5 Nf4 103. Rh8 Ke5
104. Re8+ Ne6 105. Kd3 Kd5 106. Kc3 Ra3+ 107. Kd2 Rh3 108. Ke2 Nf4+ 109.
Kf2 Nd3+ 110. Kg2 Rh7 111. Kg3 Rg7+ 112. Kf3 Ne5+ 113. Ke3 Rg3+ 114. Kd2
Ke4 115. Kc2 Rh3 116. Kd2 Rh7 117. Kc2 Rc7+ 118. Kd2 Rc6 119. Kd1 Kd4 120.
Kd2 Rc5 121. Rd8+ Ke4 122. Re8 Rc7 123. Kd1 Rc6 124. Kd2 Rc5 125. Re7 Rc8
126. Kd1 Kd4 127. Kd2 Rh8 128. Kc2 Rh2+ 129. Kb3 Rh3+ 130. Kc2 Rc3+ 131.
Kd2 Re3 132. Kc2 Rc3+ 133. Kd2 Re3 134. Kc2 Rc3+ 1/2-1/2

[Event "8th Prague Challengers"]
[Site "Prague CZE"]
[Date "2026.03.04"]
[Round "7"]
[White "Beerdsen,Thomas"]
[Black "Yuffa,D"]
[Result "0-1"]
[WhiteElo "2525"]
[BlackElo "2604"]
[EventDate "2026.02.24"]

1. e4 c5 2. Nf3 e6 3. Nc3 Nc6 4. d4 cxd4 5. Nxd4 Nf6 6. a3 d6 7. Be2 Be7 8.
Be3 O-O 9. O-O e5 10. Nb3 Be6 11. Bf3 h6 12. Qd2 a5 13. Qd3 a4 14. Nd2 Nd7
15. Nd5 Bg5 16. b4 axb3 17. Nxb3 Bxe3 18. Nxe3 Bxb3 19. cxb3 Nc5 20. Qd5
Nd4 21. Bd1 b5 22. Nf5 Nce6 23. Nxd4 Nxd4 24. b4 Ra6 25. Re1 Qg5 26. Re3
Rc8 27. g3 Rac6 28. Kg2 Qf6 29. Bg4 R8c7 30. Rf1 Rc2 31. a4 Qg5 32. Kh3 h5
33. Bd1 Rd2 34. f4 Rcc2 35. Qxf7+ Kh7 36. Qxh5+ Qxh5+ 37. Bxh5 Rxh2+ 38.
Kg4 g6 39. fxe5 dxe5 40. Bxg6+ Kxg6 41. axb5 Rc8 42. Ra3 Rg8 0-1

[Event "8th Prague Challengers"]
[Site "Prague CZE"]
[Date "2026.03.04"]
[Round "7"]
[White "Nemec,Jachym"]
[Black "Hrbek,Stepan"]
[Result "1-0"]
[WhiteElo "2466"]
[BlackElo "2463"]
[EventDate "2026.02.24"]

1. d4 Nf6 2. c4 e6 3. Nf3 d5 4. Nc3 Bb4 5. Qa4+ Nc6 6. e3 O-O 7. Qc2 Re8 8.
Bd2 Bf8 9. a3 e5 10. dxe5 Nxe5 11. cxd5 Nxf3+ 12. gxf3 Nxd5 13. h4 Nxc3 14.
Bxc3 Qd5 15. Be2 Bf5 16. Qa4 Bd7 17. Qf4 Bd6 18. Bc4 Qf5 19. Qxf5 Bxf5 20.
Ke2 Be6 21. Bd3 Bd5 22. Rag1 Be5 23. Bxe5 Rxe5 24. Rg5 Rae8 25. Rhg1 Rxg5
26. hxg5 c5 27. Rd1 Bb3 28. Rd2 Be6 29. f4 g6 30. e4 h6 31. gxh6 Kh7 32. e5
Kxh6 33. Be4 b6 34. Bc6 Rc8 35. Rd6 Rc7 36. Kd3 Kg7 37. Bd5 Bxd5 38. Rxd5
Kf8 39. Kc4 Ke7 40. Rd6 Rc8 41. Kb5 c4 42. Rc6 Rd8 43. Rxc4 Rd3 44. Ka6 Rd7
45. f3 Kd8 46. a4 Rd3 47. b4 Rd7 48. Rc6 Ke7 49. b5 Rd4 50. Kxa7 Rxa4+ 51.
Kxb6 Rxf4 52. Kc7 Rxf3 53. b6 Rb3 54. b7 g5 55. b8=Q Rxb8 56. Kxb8 g4 57.
Kc7 g3 58. Rc3 Ke6 59. Rxg3 Kxe5 60. Re3+ 1-0

[Event "8th Prague Challengers"]
[Site "Prague CZE"]
[Date "2026.03.04"]
[Round "7"]
[White "Bjerre,Jonas Buhl"]
[Black "Divya,Deshmukh"]
[Result "1/2-1/2"]
[WhiteElo "2629"]
[BlackElo "2497"]
[EventDate "2026.02.24"]

1. e4 e5 2. Nf3 Nc6 3. Bb5 a6 4. Ba4 Nf6 5. O-O Nxe4 6. d4 b5 7. Bb3 d5 8.
dxe5 Be6 9. c3 Be7 10. Bc2 Bg4 11. Qe1 Nc5 12. Nbd2 Ne6 13. Qe2 O-O 14. Re1
Qd7 15. h3 Nf4 16. Qe3 Bf5 17. Bxf5 Qxf5 18. Nb3 Ne6 19. Bd2 Qc2 20. Re2 a5
21. Nfd4 Ncxd4 22. cxd4 Bg5 23. Qf3 Qg6 24. Bxg5 Qxg5 25. Rd1 a4 26. Na1 b4
27. Nc2 b3 28. axb3 axb3 29. Nb4 Ra4 30. Nc6 Ra6 31. Nb4 Ra4 32. Nc6 Ra6
33. Nb4 Ra4 1/2-1/2

[Event "8th Prague Challengers"]
[Site "Prague CZE"]
[Date "2026.03.04"]
[Round "7"]
[White "Ganguly,S"]
[Black "Zhu,Jiner"]
[Result "1-0"]
[WhiteElo "2568"]
[BlackElo "2578"]
[EventDate "2026.02.24"]

1. c4 e6 2. Nc3 d5 3. d4 Nf6 4. cxd5 exd5 5. Bg5 c6 6. e3 h6 7. Bh4 Be7 8.
Bd3 O-O 9. Bg3 Re8 10. Nf3 Bg4 11. h3 Bxf3 12. Qxf3 Nbd7 13. O-O Nf8 14.
Be5 N6d7 15. Bh2 Nf6 16. Qg3 Ne6 17. Rad1 Qb6 18. Rb1 Rad8 19. Qf3 Ng5 20.
Qe2 Bd6 21. Bxd6 Rxd6 22. b4 Nfe4 23. Na4 Qc7 24. Bxe4 Nxe4 25. Rb3 Rg6 26.
Nc5 Nd6 27. Nd3 Nf5 28. Ne5 Rxe5 29. dxe5 Qxe5 30. Kh1 Qe6 31. Qd1 Nh4 32.
Rg1 Rg5 33. Rd3 Qf5 34. Rd2 b6 35. Qe2 c5 36. bxc5 bxc5 37. Qd3 Qe6 38. Rb2
Rg6 39. e4 d4 40. Rc2 Rf6 41. Qg3 Ng6 42. Rxc5 Qxa2 43. Rf5 Rb6 44. Rd5 Rb3
45. Qc7 Rc3 46. Qd8+ Kh7 47. Rf5 Qb3 48. Kh2 d3 49. Qd7 Qb8+ 50. Kh1 f6 51.
Rb5 Qc7 52. Qxc7 Rxc7 53. Rd1 Rc2 54. Rxd3 Rxf2 55. Rb7 Nf4 56. Rg3 Ng6 57.
Rf3 Rxf3 58. gxf3 Nh4 59. f4 Ng6 60. f5 Ne5 61. Kg2 a5 62. Kg3 Kg8 63. Rb5
Kf8 64. Rxa5 Kf7 65. Rd5 Kg8 66. Kh4 Nf3+ 67. Kh5 Kh7 68. Kg4 Ne5+ 69. Rxe5
fxe5 70. Kh5 Kg8 71. Kg6 1-0

[Event "8th Prague Challengers"]
[Site "Prague CZE"]
[Date "2026.03.05"]
[Round "8"]
[White "Finek,Vaclav"]
[Black "Ganguly,S"]
[Result "1/2-1/2"]
[WhiteElo "2538"]
[BlackElo "2568"]
[EventDate "2026.02.24"]

1. d4 d5 2. c4 e6 3. Nf3 Nf6 4. g3 dxc4 5. Bg2 Nc6 6. Qa4 Bb4+ 7. Bd2 Bd6
8. O-O O-O 9. Bc3 a6 10. Qxc4 b5 11. Qb3 Bb7 12. a3 Ne7 13. Nbd2 Ned5 14.
Ba5 Nb6 15. Rfe1 c5 16. e4 Nfd7 17. e5 Be7 18. dxc5 Bxc5 19. Ne4 Bxe4 20.
Rxe4 Qe7 21. Rh4 Rac8 22. Bd2 h6 23. Qd3 Rfd8 24. Qe4 Bxf2+ 25. Kxf2 Nc5
26. Qe2 Nb3 27. Bb4 Qa7 28. Re1 Nc1 29. Qe4 Nd3+ 30. Kf1 Nc4 31. Re2 Nxb4
32. axb4 Rd1+ 33. Re1 Ne3+ 34. Ke2 Rc2+ 35. Qxc2 Rxe1+ 36. Nxe1 Nxc2 37.
Nxc2 Qc7 38. Kd2 Qxe5 39. Rd4 Qh5 40. h4 Qe5 41. Rd8+ Kh7 42. Rd3 Qxb2 43.
Be4+ f5 44. Bb7 a5 45. Bc8 axb4 46. Bxe6 Qe5 47. Bd5 h5 48. Ne1 f4 49. Nf3
Qb2+ 50. Ke1 fxg3 51. Ng5+ Kg6 52. Rxg3 Qh2 53. Rh3 Qg1+ 54. Ke2 Qg4+ 55.
Ke3 Kf6 56. Be6 Qg1+ 57. Ke4 Ke7 58. Bb3 Kd6 59. Rd3+ Kc6 60. Rh3 g6 61.
Ke5 Qf2 62. Bd5+ Kb6 63. Be6 Qf1 64. Ke4 Kc5 65. Ke3 Qd1 66. Kf2 Qd2+ 67.
Kf1 Kb6 68. Bf7 Ka5 69. Bb3 Qf4+ 70. Ke2 Qd4 71. Kf1 Qd2 72. Rf3 Qd4 73.
Rh3 Qg4 74. Kf2 Qf4+ 1/2-1/2

[Event "8th Prague Challengers"]
[Site "Prague CZE"]
[Date "2026.03.05"]
[Round "8"]
[White "Yuffa,D"]
[Black "Bjerre,Jonas Buhl"]
[Result "1-0"]
[WhiteElo "2604"]
[BlackElo "2629"]
[EventDate "2026.02.24"]

1. c4 e6 2. Nc3 Bb4 3. Qc2 Nf6 4. Nf3 d6 5. b3 O-O 6. Bb2 e5 7. e3 Re8 8.
h3 c5 9. Be2 Nc6 10. O-O h6 11. Rae1 Be6 12. a3 Ba5 13. Bd3 Qd7 14. Nh2 d5
15. cxd5 Nxd5 16. Na4 b6 17. Nf3 Nc7 18. Bh7+ Kh8 19. Be4 Bd5 20. Rc1 Rac8
21. Bf5 Be6 22. Bxe6 Rxe6 23. d4 e4 24. Ne5 Nxe5 25. dxe5 Qd3 26. Rfd1 Qxc2
27. Rxc2 Re7 28. Rc4 Ne6 29. Rxe4 b5 30. Nc3 a6 31. f4 Rd8 32. Rxd8+ Bxd8
33. Kf1 Rd7 34. Ke2 Kg8 35. b4 Bb6 36. f5 Nc7 37. bxc5 Bxc5 38. Rg4 Kf8 39.
Ne4 Bb6 40. Rxg7 Kxg7 41. e6+ Kf8 42. exd7 Ke7 43. Nf6 a5 44. g4 1-0

[Event "8th Prague Challengers"]
[Site "Prague CZE"]
[Date "2026.03.05"]
[Round "8"]
[White "Divya,Deshmukh"]
[Black "Nemec,Jachym"]
[Result "1/2-1/2"]
[WhiteElo "2497"]
[BlackElo "2466"]
[EventDate "2026.02.24"]

1. d4 Nf6 2. c4 e6 3. Nc3 Bb4 4. e3 O-O 5. Bd3 c5 6. Nge2 d5 7. cxd5 cxd4
8. exd4 Nxd5 9. O-O Nc6 10. a3 Bd6 11. Re1 Re8 12. Bd2 Bf8 13. b4 g6 14.
Nxd5 Qxd5 15. Be3 Bg7 16. Rc1 Rd8 17. Rc5 Qd6 18. Bg5 Rf8 19. Bf4 Qd8 20.
Bg5 Ne7 21. Qc1 Bd7 22. Be4 b6 23. Rc7 Rc8 24. Rxc8 Bxc8 25. Bf3 Qd7 26.
Ng3 Nd5 27. Bh6 Bb7 28. Bxg7 Kxg7 29. Qg5 f6 30. Qg4 Kf7 31. Qh4 h5 32. Qe4
Ba8 33. Qd3 Ne7 34. Bxa8 Rxa8 35. Ne2 Nf5 36. Rc1 Rd8 37. h3 h4 38. Qe4 Rc8
39. Rxc8 Qxc8 40. g4 hxg3 41. fxg3 Qc7 42. Kf2 Nd6 43. Qf4 g5 44. Qc1 Qxc1
45. Nxc1 Nb5 46. a4 Nxd4 47. b5 e5 48. Nd3 Ke6 49. Nb4 Nb3 50. Nc6 Nc5 51.
Nxa7 Nxa4 52. h4 gxh4 53. gxh4 Kf5 54. Kg3 Nc3 55. Nc8 Nd5 56. Nd6+ Ke6 57.
Nc4 f5 58. h5 Kf6 59. h6 e4 60. Nd6 f4+ 61. Kg4 e3 62. Kf3 Kg6 63. Nf5 Kh7
64. Nd4 Kxh6 65. Ke4 Nc3+ 66. Kxf4 e2 67. Nc2 Kg6 68. Ke3 Kf5 69. Nd4+ Ke5
70. Nxe2 Nxe2 71. Kxe2 Kd4 72. Kd2 1/2-1/2

[Event "8th Prague Challengers"]
[Site "Prague CZE"]
[Date "2026.03.05"]
[Round "8"]
[White "Gledura,B"]
[Black "Hrbek,Stepan"]
[Result "1-0"]
[WhiteElo "2652"]
[BlackElo "2463"]
[EventDate "2026.02.24"]

1. e4 e5 2. Nf3 Nc6 3. Bc4 Nf6 4. d3 Bc5 5. Be3 Bxe3 6. fxe3 O-O 7. O-O d6
8. Qe1 Be6 9. Bb3 Bxb3 10. axb3 d5 11. exd5 Nxd5 12. Ra4 Qe7 13. Rc4 f5 14.
Nc3 Ndb4 15. Qf2 Rad8 16. Rh4 Rd6 17. Ne1 Rdf6 18. Rh3 Qe6 19. Qd2 f4 20.
Rhf3 g5 21. R3f2 Rf5 22. Qe2 Qg6 23. g4 R5f7 24. h3 h6 25. Nf3 Qd6 26. Ne4
Qd8 27. exf4 exf4 28. h4 gxh4 29. Kh1 Nd5 30. Rh2 Ne3 31. Rg1 Rg7 32. Qe1
Nxg4 33. Rxh4 Qd7 34. Nc5 Qd5 35. Qe6+ Qxe6 36. Nxe6 Nf2+ 37. Kh2 Rxg1 38.
Kxg1 Rf6 39. Nxc7 Nd1 40. Nd5 Rf5 41. Nxf4 Nxb2 42. Kf2 Nd1+ 43. Ke2 Nc3+
44. Kd2 Nb5 45. Ke3 Nb4 46. Kd2 Nc6 47. c3 Kh7 48. d4 Ne7 49. Ne5 Rg5 50.
Rxh6+ Kxh6 51. Nf7+ Kg7 52. Nxg5 Nc6 53. Nf3 Kf6 54. Kd3 Nd6 55. Nd2 Ke7
56. Nd5+ Ke6 57. Ne3 Kd7 58. Ne4 Nb5 59. Nc5+ Kc7 60. Nf5 b6 61. Ne4 Kd7
62. Ne3 Nc7 63. Nf6+ Ke6 64. Ne4 Kd7 65. Nc2 b5 66. Nc5+ Ke7 67. Ne3 Kd8
68. d5 Ne5+ 69. Ke4 Nf7 70. Nf5 Ne8 71. Kd4 Kc7 72. Ne4 Kb6 73. c4 bxc4 74.
bxc4 a5 75. Nc3 a4 76. Nxa4+ Kc7 77. Nc5 Nf6 78. Ne6+ Kb6 79. c5+ Kb7 80.
c6+ Kb6 81. c7 Kb7 82. d6 Ne8 83. Nc5+ 1-0

[Event "8th Prague Challengers"]
[Site "Prague CZE"]
[Date "2026.03.05"]
[Round "8"]
[White "Zhu,Jiner"]
[Black "Beerdsen,Thomas"]
[Result "1/2-1/2"]
[WhiteElo "2578"]
[BlackElo "2525"]
[EventDate "2026.02.24"]

1. d4 Nf6 2. c4 g6 3. g3 c6 4. Bg2 d5 5. cxd5 cxd5 6. Nf3 Bg7 7. O-O O-O 8.
Nc3 Ne4 9. Bf4 Nxc3 10. bxc3 Nc6 11. Rc1 Bf5 12. Nh4 Be6 13. c4 Rc8 14. a3
b5 15. cxb5 Nxd4 16. a4 Bg4 17. Nf3 Bxf3 18. Bxf3 e5 19. Bd2 e4 20. Bg2 Qb6
21. e3 Ne6 22. Bb4 Rxc1 23. Qxc1 Rb8 24. Rd1 Qb7 25. Qd2 d4 26. exd4 Nxd4
27. Kh1 a6 28. Bc3 Nf3 29. Bxf3 Bxc3 30. Qxc3 exf3 31. h3 axb5 32. axb5
Qxb5 33. Qxf3 Qb7 34. Qxb7 Rxb7 1/2-1/2

[Event "8th Prague Challengers"]
[Site "Prague CZE"]
[Date "2026.03.06"]
[Round "9"]
[White "Beerdsen,Thomas"]
[Black "Finek,Vaclav"]
[Result "*"]
[WhiteElo "2525"]
[BlackElo "2538"]
[EventDate "2026.02.24"]

1. d4 Nf6 2. c4 e6 3. Nf3 d5 4. Nc3 c5 5. e3 Nc6 6. cxd5 exd5 7. Bb5 cxd4
8. Nxd4 Bd7 9. O-O Bd6 10. Nf3 a6 11. Bxc6 Bxc6 12. b3 O-O 13. Bb2 Qe7 14.
Rc1 Rfe8 15. Qd4 Rad8 16. Rfd1 h6 17. h3 Qf8 18. Qd3 Bb8 19. Qf5 Bd7 20.
Qd3 Be6 21. Nb1 Qe7 22. Qd4 Qd7 23. Qh4 Ne4 24. Nc3 Nxc3 25. Bxc3 f6 26.
Ba5 Rc8 27. Nd4 Rxc1 28. Rxc1 Qd6 29. g3 Bd7 30. Rc2 Re4 31. Qh5 Re5 32.
Qh4 Kh7 33. Ne2 d4 34. Nxd4 Rxa5 35. Qe4+ f5 36. Qxb7 Re5 37. Rd2 Qc7 38.
Qf3 Rc5 39. b4 Rc1+ 40. Rd1 Rxd1+ *

[Event "8th Prague Challengers"]
[Site "Prague CZE"]
[Date "2026.03.06"]
[Round "9"]
[White "Ganguly,S"]
[Black "Gledura,B"]
[Result "*"]
[WhiteElo "2568"]
[BlackElo "2652"]
[EventDate "2026.02.24"]

1. e4 c6 2. d4 d5 3. e5 Bf5 4. h4 h5 5. c4 e6 6. Nc3 dxc4 7. Bxc4 Nd7 8.
Bb3 Be7 9. Bc2 Bxc2 10. Qxc2 Nh6 11. Bxh6 Rxh6 12. Nf3 Nb6 13. g3 Qd7 14.
O-O Kf8 15. Kg2 Kg8 16. a3 Rg6 17. Rfe1 Rd8 18. Rad1 Nd5 19. Ne4 Nc7 20.
Qe2 Qd5 21. Nc3 Qb3 22. Ne4 Qd5 23. Kg1 Qb5 24. Qc2 Qd5 25. a4 Qa5 26. Nfg5
Nd5 27. Qe2 Rh6 28. Qf3 Rf8 29. b3 Bb4 30. Re2 Nc3 31. Nxc3 Bxc3 32. Re4
Bb2 33. Rf4 Qd5 34. Rxf7 Qxf3 35. Rxf3 Rxf3 36. Nxf3 Ba3 37. Kf1 Be7 38.
Ke2 Kf7 39. Nd2 Rh8 40. Ne4 Rd8 41. Ke3 Kg6 42. Rg1 Rd5 43. Nc3 Rd8 44. Ke4
Rf8 45. Rf1 Kf7 46. Ne2 Rd8 47. Rd1 g6 *

[Event "8th Prague Challengers"]
[Site "Prague CZE"]
[Date "2026.03.06"]
[Round "9"]
[White "Nemec,Jachym"]
[Black "Yuffa,D"]
[Result "0-1"]
[WhiteElo "2466"]
[BlackElo "2604"]
[EventDate "2026.02.24"]

1. d4 Nf6 2. Nf3 e6 3. c4 d5 4. Nc3 Bb4 5. Bg5 dxc4 6. Qa4+ Nc6 7. e4 Bd7
8. Qd1 b5 9. e5 h6 10. Bh4 g5 11. Nxg5 hxg5 12. Bxg5 Ne4 13. Bxd8 Nxc3 14.
Qf3 Na4+ 15. Kd1 Rxd8 16. Qe4 Nxd4 17. Kc1 Bc6 18. Qe3 Nf5 19. Qf4 Rd4 20.
Qg5 Be7 0-1

[Event "8th Prague Challengers"]
[Site "Prague CZE"]
[Date "2026.03.06"]
[Round "9"]
[White "Hrbek,Stepan"]
[Black "Divya,Deshmukh"]
[Result "0-1"]
[WhiteElo "2463"]
[BlackElo "2497"]
[EventDate "2026.02.24"]

1. Nf3 g6 2. e4 Bg7 3. d4 d6 4. Nc3 Nf6 5. Be3 a6 6. Qd2 b5 7. Bh6 O-O 8.
Bxg7 Kxg7 9. Bd3 e5 10. dxe5 dxe5 11. Nxe5 Bb7 12. Qe3 Re8 13. f4 b4 14.
Na4 Nc6 15. Nc5 Nxe5 16. fxe5 Ng4 17. Qg3 Nxe5 18. Nxb7 Nxd3+ 19. cxd3 Qd5
20. Rc1 Qxb7 21. Rxc7 Qb6 22. Rf1 Rf8 23. Qe5+ Kg8 24. Kd2 Ra7 25. Rc5 Rd7
26. h4 f6 0-1

[Event "8th Prague Challengers"]
[Site "Prague CZE"]
[Date "2026.03.06"]
[Round "9"]
[White "Bjerre,Jonas Buhl"]
[Black "Zhu,Jiner"]
[Result "1-0"]
[WhiteElo "2629"]
[BlackElo "2578"]
[EventDate "2026.02.24"]

1. Nf3 Nf6 2. b3 d5 3. Bb2 e6 4. e3 Be7 5. g4 Nxg4 6. Rg1 Bf6 7. d4 h5 8.
h3 Nh6 9. Nc3 g6 10. e4 c6 11. Bd3 Qa5 12. Qe2 Nd7 13. O-O-O Be7 14. exd5
cxd5 15. Ne5 Kd8 16. Rg3 Nxe5 17. dxe5 h4 18. Rgg1 Bb4 19. Qf3 Bd7 20. Nxd5
Qxd5 21. Be4 Qc5 22. Bxb7 Rc8 23. Bxc8 Qxc8 24. Rd4 Bc5 25. Rc4 Nf5 26. Qc3
Nd4 27. Qa5+ 1-0